000
00321nam a2200145Ia 4500
008
240830s1901 xx 000 0 und d
041
_a
eng
082
_a
0 PAT
100
_a
PATHAK BALKRISHNA
245
_a
MANSROG VIDNYANA
260
_b
N.D.
_c
1901
650
_a
ROG-NIDAN
906
_a
N.D.
999
_c
1184301
_d
1184301